Barbershop Harmony Society International Quartet Champions - Statistics

General Stats
  • This quiz has been taken 163 times
    24 since last reset
  • The average score is 37 of 85
Answer Stats
Year District Quartet % Correct
1999 DIX FRED
91%
2015 CAR Instant Classic
91%
2024 SNOBS Lemon Squeezy
91%
2012 SNOBS Ringmasters
91%
2016 CAR Forefront
82%
2017 SUN Main Street
82%
2007 SWD Max Q
82%
2023 MAD Midtown
82%
2014 BHNZ Musical Island Boys
82%
2000 SUN PLATINUM
82%
2024 SUN Three and a Half Men
82%
2006 CSD Vocal Spectrum
82%
2010 RMD Storm Front
73%
2018 ILL After Hours
64%
1950 SLD Buffalo Bills
64%
1992 SUN Keepsake
64%
2011 MAD Old School
64%
2022 JAD Quorum
64%
2019 SUN Signature
64%
2009 CSD Crossroads
55%
2002 DIX Four Voices
55%
1993 CSD Gas House Gang
55%
2013 FWD Masterpiece
55%
2001 CAR Michigan Jake
55%
2008 FWD OC Times
55%
2005 EVG Realtime
55%
1991 JAD The Ritz
55%
1961 SUN The Suntones
55%
1990 SWD Acoustix
45%
1939 SWD Bartlesville Barflies
45%
1980 NED Boston Common
45%
1941 SWD Chord Busters
45%
1956 DIX Confederates
45%
1973 SWD Dealer's Choice
45%
2004 FWD Gotcha!
45%
1975 LOL Happiness Emporium
45%
1994 JAD Joker's Wild
45%
1986 CSD Rural Route 4
45%
1947 CAR Doctors of Harmony
36%
1942 ILL Elastic Four
36%
1943 ILL Four Harmonizers
36%
1965 ILL Four Renegades
36%
1979 ILL Grandma's Boys
36%
1987 CAR Interstate Rivals
36%
1954 CSD Orphans
36%
1948 JAD Pittsburghers
36%
2003 PIO Power Play
36%
1951 LOL Schmitt Brothers
36%
1989 CAR Second Edition
36%
1964 FWD Sidewinders
36%
1966 ILL Auto Towners
27%
1978 CAR Bluegrass Student Union
27%
1981 ILL Chicago News
27%
1960 FWD Evans Quartet
27%
1940 SWD Flat Foot Four
27%
1955 SWD Four Hearsemen
27%
1952 CSD Four Teens
27%
1962 FWD Gala Lads
27%
1946 MAD Garden State Quartet
27%
1971 SUN Gentlemen's Agreement
27%
1972 FWD Golden Staters
27%
1944 PIO Harmony Halls
27%
1976 SWD Innsiders
27%
1957 SWD Lads of Enchantment
27%
1969 SWD Mark IV
27%
1995 JAD Marquis
27%
1949 ILL Mid States Four
27%
1945 ILL Misfits
27%
1977 EVG Most Happy Fellows
27%
1996 FWD Nightlife
27%
1970 MAD Oriole Four
27%
1998 FWD Revival
27%
1985 FWD The New Tradition
27%
1984 JAD The Rapscallions
27%
1963 JAD Town and Country Four
27%
1953 ILL Vikings
27%
1968 FWD Western Continentals
27%
1997 JAD Yesteryear
27%
1988 ILL Chiefs of Staff
18%
1959 CSD Four Pitchikers
18%
1967 NED Four Statesmen
18%
1958 SWD Gaynotes
18%
1974 MAD Regents
18%
1983 SWD Side Street Ramblers
18%
1982 CSD Classic Collection
9%
No matching quizzes found
Score Distribution
Percent of People with Each Score
Percentile by Number Answered
Your Score History
You have not taken this quiz since the last reset